| 000 | 00480nam a22001697a 4500 | ||
|---|---|---|---|
| 003 | OSt | ||
| 005 | 20140310182508.0 | ||
| 008 | 130220t xxu||||| |||| 00| 0 eng d | ||
| 020 | _a9789717251561 | ||
| 050 |
_aQA 276.12 _b.Z88 2008 |
||
| 100 |
_aZorilla,Roland S. _97530 |
||
| 245 |
_aFundamentals of statistics / _cZorilla, Roland S. |
||
| 260 |
_aManila : _bGrandwater Publications, _cc2008. |
||
| 300 |
_a265 p. : _bill. ; _c26 cm. |
||
| 942 |
_2lcc _cSSLC |
||
| 999 |
_c13879 _d13879 |
||